| 000 | 00631nam a2200229Ia 4500 | ||
|---|---|---|---|
| 003 | OSt | ||
| 005 | 20220928130206.0 | ||
| 006 | a|||||r|||| 00| 0 | ||
| 007 | ta | ||
| 008 | 220927b |||||||| |||| 00| 0 eng d | ||
| 024 | _a78415 | ||
| 037 | _cTextual | ||
| 040 |
_aSDCL _cSDCL _beng |
||
| 041 |
_2eng _aeng |
||
| 082 | _aO791,N:g, P3 | ||
| 100 |
_aBarnstone Willis _9441508 |
||
| 245 | 0 |
_aLiteratures of Latin America _b From antiquity to the present. |
|
| 260 |
_aNJ _bPrentice Hall _c2003 |
||
| 300 |
_axx,475p _ccm. |
||
| 942 |
_hO791,N:g, P3 _cTEXL _2CC |
||
| 999 |
_c785614 _d785614 |
||